00399nam a2200133Ia 4500008004100000020001800041082002100059100002100080245008100101260002500182300001000207440001900217650002900236120622s9999 xx 000 0 und d a968-476-341-7 a340.1 C824i 2000 aCorreas, Óscar aIntroducción a la crítica del derecho moderno : esbozo / Óscar Correas aMéxico : Fontamara a285 p aFontamara, 229 a1. TEORIA DEL DERECHOÌ